[Event "Hamburg St Pauli op-B"]
[Site "Hamburg"]
[Date "2011.07.11"]
[Round "3"]
[White "Krueger, David"]
[Black "Kaehler, Arne"]
[Result "0-1"]
[WhiteElo "1740"]
[BlackElo "1804"]
[PlyCount "48"]
[EventDate "2011.07.09"]
[EventType "swiss"]
[EventRounds "9"]
[EventCountry "GER"]
[SourceTitle "CBM 143 Extra"]
[Source "ChessBase"]
[SourceDate "2011.08.29"]
[SourceVersion "1"]
[SourceVersionDate "2011.08.29"]
[SourceQuality "1"]

1. e4 e5 2. Nf3 Nc6 3. Bb5 Nd4 4. Nxd4 exd4 5. 0-0 Bc5 6. c3 Ne7 7. d3 0-0 8. Nd2 dxc3 9. bxc3 d5 10. d4 Bb6 11. Ba3 c6 12. Bd3 Re8 13. Qc2 Ng6 14. Kh1 Nf4 15. f3 Qg5 16. Rf2 Re6 17. exd5 cxd5 18. Bxh7+ Kh8 19. Bf5 Rh6 20. Bxc8 Rxc8 21. Nf1 Bxd4 22. Rd2 Rxc3 23. Qa4 Bb6 24. Bd6 Rxd6 0-1

[Event "Hamburg St Pauli op-B"]
[Site "Hamburg"]
[Date "2011.07.11"]
[Round "4"]
[White "Rockel, Marcus"]
[Black "Krueger, David"]
[Result "0-1"]
[WhiteElo "1622"]
[BlackElo "1740"]
[PlyCount "64"]
[EventDate "2011.07.09"]
[EventType "swiss"]
[EventRounds "9"]
[EventCountry "GER"]
[SourceTitle "CBM 143 Extra"]
[Source "ChessBase"]
[SourceDate "2011.08.29"]
[SourceVersion "1"]
[SourceVersionDate "2011.08.29"]
[SourceQuality "1"]

1. d4 d5 2. c4 c6 3. Nf3 Nf6 4. Nc3 e6 5. Bg5 h6 6. Bxf6 Qxf6 7. e3 Nd7 8. Rc1 Bd6 9. Bd3 0-0 10. 0-0 a6 11. e4 dxc4 12. e5 Qd8 13. Bb1 Be7 14. Qc2 g6 15. g3 b5 16. h4 Re8 17. h5 Nf8 18. hxg6 fxg6 19. Kg2 Bb7 20. Rh1 Bg5 21. Nxg5 Qxg5 22. f3 c5 23. dxc5 Rad8 24. Rcd1 Rxd1 25. Qxd1 Rd8 26. Qe1 Rd2+ 27. Kg1 Bxf3 28. Ne4 Rg2+ 29. Kf1 Qxe5 30. Rxh6 Qxb2 31. g4 Re2 32. Rh8+ Qxh8 0-1